Les niveaux de Super Mario Galaxy 2 - Statistiques

Statistiques générales
  • Ce quiz a été pris 101 fois
  • Le résultat moyen est 21 sur 49
Statistiques - réponses
Niveau % Correct
Nid de Yoshi
73%
Araplane tropical
64%
Dalles clic-clac
60%
Mario 2D
60%
Terrasse des rigolonimbus
60%
Scierie sidérale
59%
Araplane Extrême
58%
Forteresse rétro
53%
Printemps éternel
51%
Mers de lave
50%
Ruines perpétuelles
49%
Usine Chomp
49%
Tronc sans fin
47%
Trophée des virtuoses
47%
Plage Astrale
46%
Anse étoilée
45%
Boss à la châine
45%
Monde des titans
45%
Satellite survolté
45%
Magma glacé
44%
Manoir stroboscopique
44%
Petit Boo de lune
44%
Chutes abruptes
42%
Monde à l'envers
41%
Succulents mystères
41%
Atelier maboule
40%
Cavernes englouties
40%
Château dessus-dessous
40%
Couloirs à coulisse
40%
Cyclone de pierre
40%
Station du flocon de braise
40%
Bloc tac-tic
38%
Forage cosmique
38%
Mont mielleux
38%
Tournebroches retors
38%
Allée hantée
36%
Fabrique de galaxies de Bowser
36%
Manège arc-en-ciel
35%
Moulins à nuages
35%
Arène interplanétaire
33%
Mine d'étoiles
33%
Cubes gravitationnel
32%
Sables glissants
32%
Manoir menaçant de Bowser Jr.
31%
Citadelle sinistre de Bowser
29%
Forteresse Féroce de Bowser
29%
Base interstellaire de Bowser Jr
26%
Stations stellaire
24%
Fort Foudrayant de Bowser Jr.
13%
Aucun quiz correspondant
Distribution des résultats
% des personnes avec chaque résultat
Percentile par nombre de réponses
Votre historique - résultats
Vous n’avez pas pris ce quiz